| 000 | 01281nam a2200253Ia 4500 | ||
|---|---|---|---|
| 003 | Ost | ||
| 005 | 20260507075624.0 | ||
| 008 | 260507s9999||||xx |||||||||||||| ||und|| | ||
| 020 | _a9957112317 | ||
| 040 | _cfsecg | ||
| 041 | _aara | ||
| 082 | _a658.8 | ||
| 100 |
_aمعلا، ناجي _eمؤلف |
||
| 245 | 0 |
_aأصول التسويق : مدخل تحليلي : _bمدخل تحليلي (محكم علميا ) / _c ناجي معلا |
|
| 250 | _aطبعة 3 (مزيدة ومنقحة) | ||
| 260 |
_aعمان: _bدار وائل للنشر, _c2005 |
||
| 300 |
_a384 صفحة؛ _bإيضاحات ؛ _c30 سم |
||
| 504 | _aكشاف مصطلحات ص.371 | ||
| 520 | _aمقدمة عامة في التسويق- البيئة التسويقية- السلوك الشرائي- بحوث التسويق وأنظمة المعلومات- تجزئة السوق والأسواق المستهدفة- المنتجات، أنواعها وخصائصها- التسعير وسياساته- قنوات التوزيع- مؤسسات التوزيع- الترويج وأساليبه- تطوير وإبتكار المنتجات الجديدة | ||
| 653 | _aالإقتصاد القياسي | ||
| 653 | _aالتسويق | ||
| 700 |
_aرائف، توفيق _eمؤلف ثانوي |
||
| 942 | _cكتاب | ||
| 999 |
_c45157 _d45157 |
||